Sahitya samalochana parichoy (Record no. 3560)

MARC details
000 -LEADER
fixed length control field 00470cam a2200181ua 4500
008 - FIXED-LENGTH DATA ELEMENTS--GENERAL INFORMATION
fixed length control field 111129n ii |||gr||||Z||||||asm
040 ## - CATALOGING SOURCE
Transcribing agency MAIN
082 ## - DEWEY DECIMAL CLASSIFICATION NUMBER
Classification number 891.4514
100 1# - MAIN ENTRY--PERSONAL NAME
Personal name Bora, Jatin,
Relator term
245 11 - TITLE STATEMENT
Title Sahitya samalochana parichoy
Statement of responsibility, etc. by Jatin Bora
250 ## - EDITION STATEMENT
Edition statement 1st.
260 ## - PUBLICATION, DISTRIBUTION, ETC.
Place of publication, distribution, etc. Guwahati:
Name of publisher, distributor, etc. Bani Prakash pvt. ltd.,993.
300 ## - PHYSICAL DESCRIPTION
Extent 156p:
Dimensions 23cm.
942 ## - ADDED ENTRY ELEMENTS (KOHA)
Koha item type Books
653 ## - INDEX TERM--UNCONTROLLED
Uncontrolled term Assamese literature
653 ## - INDEX TERM--UNCONTROLLED
Uncontrolled term Sahitya samalochana parichoy
Holdings
Withdrawn status Lost status Damaged status Not for loan Home library Current library Shelving location Date acquired Total Checkouts Full call number Barcode Date last seen Copy number Price effective from Koha item type Source of classification or shelving scheme Collection code Cost, normal purchase price Date last checked out
        Central Library, Naharkatiya College Central Library, Naharkatiya College General Stacks 19/09/2020   891.4514 | BOR 8056 19/09/2020 1 19/09/2020 Books        
        Central Library, Naharkatiya College Central Library, Naharkatiya College General Stacks 01/12/2021 4 891.4514 19063 04/08/2023 2 01/12/2021 Books Dewey Decimal Classification Assamese 50.00 26/06/2023

Naharkatiya College © 2020. All rights reserved.

Powered By